| 000 | 00638nam a2200241Ia 4500 | ||
|---|---|---|---|
| 003 | OSt | ||
| 005 | 20221005100142.0 | ||
| 006 | a|||||r|||| 00| 0 | ||
| 007 | ta | ||
| 008 | 221004b |||||||| |||| 00| 0 tam d | ||
| 024 | _a63888 | ||
| 037 | _cTextual | ||
| 040 |
_aCRL _cCRL _btam |
||
| 041 |
_2tam _atam |
||
| 082 | _aO31,3:g, K0 | ||
| 100 |
_aAzha.Valliappa Ed. _9620783 |
||
| 245 | 0 | _aNimisha kathaikal | |
| 260 |
_aPuthukkottai _bThamil Nilayam India _c1960 |
||
| 300 |
_a48p. _ccm. |
||
| 650 | _aTAMIL LITERATURE | ||
| 942 |
_hO31,3:g, K0 _cTEXL _2cc |
||
| 999 |
_c1004751 _d1004751 |
||